| 000 | 01224nam a2200289 a 4500 | ||
|---|---|---|---|
| 001 | 000022565 | ||
| 005 | 20240302073950.0 | ||
| 008 | 101013s1982 dr 000 0 spa d | ||
| 040 |
_aDO-SdBNP _bspa _cBNPHU |
||
| 082 |
_a330.97293054 _bC343c |
||
| 100 | 1 |
_aCassá, Roberto, _d1948- _910888 |
|
| 245 | 1 | 0 |
_aCapitalismo y dictadura / _cRoberto Cassá. |
| 260 |
_aSanto Domingo : _bUASD, _c1982. |
||
| 300 |
_a794 P. : _bil. ; _c25 cm. |
||
| 490 | 1 |
_aPublicaciones de la Universidad Autónoma de Santo Domingo _v271 |
|
| 490 | 1 |
_aHistoria y sociedad _vno. 36 |
|
| 500 | _aIncluye referencias bibliográficas y notas al pie de las páginas | ||
| 590 | _aPerteneció a la biblioteca personal de Juan Isidro Jimenes Grullón. | ||
| 590 | _aInventariado, 2018/VM | ||
| 651 | 4 |
_aRepública Dominicana _xCondiciones Económicas _y1961- _97344 |
|
| 651 | 4 |
_aRepública Dominicana _xCondiciones Sociales _y1961- _97345 |
|
| 651 | 4 |
_aRepública Dominicana _xPolítica Y Gobierno _y1961- _9204 |
|
| 710 | 2 |
_aUniversida Autónoma de Santo Domingo _946445 |
|
| 830 | 0 |
_aPublicaciones de la Universida Autónoma de Santo Domingo _v271 _933585 |
|
| 830 | 0 |
_aHistoria y sociedad _vno. 36 _913749 |
|
| 910 | _aValidado. Control de calidad MFF | ||
| 999 |
_c22062 _d22062 |
||